| 000 | 00537nam a2200181Ia 4500 | ||
|---|---|---|---|
| 005 | 20250508151930.0 | ||
| 008 | 008 250505s9999 xx 000 0 eng d | ||
| 037 | _aTextual | ||
| 040 |
_aFEDL _beng _cFEDL |
||
| 041 |
_aeng _2eng |
||
| 084 |
_a630.1, REC _qFEDL |
||
| 100 |
_aReck Franklin M _9760402 |
||
| 245 | 0 | _a4-H story: A history of 4-H club work | |
| 260 |
_aChicago, USA _bNational Committee on Boys and girls club work _c1951 |
||
| 300 | _axii,308p | ||
| 942 |
_cTEXL _h630.1, REC |
||
| 999 |
_c1333052 _d1333052 |
||